| 000 | 00573nam a22002057a 4500 | ||
|---|---|---|---|
| 005 | 20241011152902.0 | ||
| 010 | _aENG-141235 ENG-142115 | ||
| 020 |
_c250.00 _a9789357943185 |
||
| 035 | _aEN-124767 | ||
| 035 | _aEN-125647 | ||
| 037 | _bDBAD | ||
| 082 | _aS | ||
| 100 |
_aclason, george s. _972726 |
||
| 245 |
_aThe Richest Man In Babylon/ _cBy George S. Clason |
||
| 250 | _a1 | ||
| 260 |
_aNew Delhi _bvalue& substance publisher's _c2021 |
||
| 270 |
_bNew Delhi _aF-2/16, Ansari Road, Daryaganj, _e110002 |
||
| 300 |
_a109p _c22cm(pbk) |
||
| 942 |
_2ddc _cEN _hS _mCLA |
||
| 999 |
_c204871 _d204871 |
||